1786 1503 1030 1183 1789 1601 1697 1781 1234 1393 1463 1937 1545 1816 1482 1852 1489 1398 1485 1332 1307 1435 1976 1276 1901 1583 1023 1115 1980 1392 1685 1730 1599 1692 1710 1357 1957 1021 1007 1141 1967 1273 1243 1558 1320 1685 1194 1178 1543 1876 1895 1270 1025 1784 1589 1942 1650 1545 1603 1116 1053 1928 1216 1039 1978 1012 1149 1724 1575 1207 1433 1720 1363 1976 1368 1889 1893 1669 1924 1869 1625 1773 1164 1949 1003 1903 1306 1520 1888 1635 1588 1678 1341 1590 1056 1165 1338 1456 1434 BCNSPRNW ULIB Ver.6.0+V

เปลี่ยนเป็นภาษาไทย

Change to English
 แสดงรายละเอียดบรรณานุกรม
  กลับหน้าหลัก

Brief Record : Get Marc (ISO 2709) : E-mail record : QR code < ปิดหน้าต่าง
LEADER : 00000nam 2200000uu 4500
001    13399112474
003     ULIB
008    110817s2544||||th 000 0 tha d
020    9747854791(2544)
050 04 HN700.592.R8^bห199 2544
245 10 หมู่บ้านชนบทไทย ปี 2544 จากข้อมูลพื้นฐานระดับหมู่บ้าน (กชช.2 ค) /^cศูนย์ข้อมูลเพื่อการพัฒนาชนบทกระทรวงมหาดไทย กองวิชาการและแผนงาน กรมการพัฒนาชุมชน
260    กรุงเทพฯ :^bกรมการพัฒนาชุมชน. ศูนย์ข้อมูลเพื่อการพัฒนาชนบท,^c2544
300    412 :^bภาพประกอบ ;^c30 ซม
310    ราย 2 ปี
650  7 การพัฒนาชนบท^zไทย
650  7 หมู่บ้าน^zไทย
651  7 ไทย^xภาวะชนบท
710 2  ศูนย์ข้อมูลเพื่อการพัฒนาชนบทกระทรวงมหาดไทย
740 0  ข้อมูลพื้นฐานระดับหมู่บ้าน (กชช. 2 ค)
945    ^p0^l0^i014997
995    ทศพร
999 ^a ทศพร
รายการนี้ยังไม่มีแท็ก
คุณยังไม่ได้ล็อกอิน คุณสามารถมีกิจกรรมร่วมกับเว็บไซต์ได้ แต่ต้องล็อกอินก่อน ::
  ล็อกอิน

รายการสื่อสารสนเทศ

ลำดับที่ ประเภท เลขเรียก/บาร์โค้ด สถานที่ สถานะ
- ไม่พบข้อมูล -

BibComment


ยังไม่เคยถูกคอมเมนท์

คอมเมนท์ทรัพยากรรายการนี้
  คอมเมนท์: หมู่บ้านชนบทไทย ป..


 Copyright 2026. Bcnsprnw @Library